000 00467nam a2200169Ia 4500
999 _c22094
_d22094
003 OSt
005 20200319115443.0
008 190216s9999||||xx |||||||||||||| ||und||
040 _coclc
082 _a297
_bMUH/A
100 _aMuhammed, T
_91908
245 0 _aAbul Al Ahla /
_cT Muhammed
260 _bIslamic Publishing House,
_c1988.
_aKozhikode:
300 _a502p
650 _aIslamic History
942 _cBK
_2ddc
_h297
_iMUH/A
_k297
_mMUH/A